Time to think about when to make a claim (Record no. 75769)

MARC details
000 -LEADER
fixed length control field 01082cab a2200217 4500
001 - CONTROL NUMBER
control field L130681
008 - FIXED-LENGTH DATA ELEMENTS--GENERAL INFORMATION
fixed length control field 050824n2005 000 0 eng u
035 ## - SYSTEM CONTROL NUMBER
System control number (Sirsi) u130681
041 ## - LANGUAGE CODE
Language code of text/sound track or separate title eng
100 ## - MAIN ENTRY--PERSONAL NAME
Personal name Patterson, Lindy
245 ## - TITLE STATEMENT
Title Time to think about when to make a claim
260 ## - PUBLICATION, DISTRIBUTION, ETC.
Date of publication, distribution, etc. 2005
490 ## - SERIES STATEMENT
Series statement Construction News
Volume/sequential designation (6930) 18 August 2005, 11(1)
520 ## - SUMMARY, ETC.
Summary, etc. Considers the variation in calculating the limitation period in which contract claims can be raised. The time limit can be six or years; these are set by statute, the main one being the Limitation Act 1980. Time limits are intended to prevent old claims being brought against people and to encourage speedy disposal but the date from which they are set can vary. Discusses in relation to law cases.
590 ## - LOCAL NOTE (RLIN)
Local note IKA300805
650 ## - SUBJECT ADDED ENTRY--TOPICAL TERM
Topical term or geographic name entry element HENRY BOOT CONSTRUCTION V ALSTOM COMBINED CYCLES
650 ## - SUBJECT ADDED ENTRY--TOPICAL TERM
Topical term or geographic name entry element PIRELLI GENERAL CABLE WORKS LTD V OSCAR FABER AND PARTNERS
650 ## - SUBJECT ADDED ENTRY--TOPICAL TERM
Topical term or geographic name entry element LIMITATION ACT 1980
690 ## - LOCAL SUBJECT ADDED ENTRY--TOPICAL TERM (OCLC, RLIN)
Topical term or geographic name as entry element BUILT ENVIRONMENT-CONSTRUCTION MANAGEMENT-BUILDING CONTRACT ADMINISTRATION
942 ## - ADDED ENTRY ELEMENTS (KOHA)
Suppress in OPAC 0
Holdings
Withdrawn status Lost status Source of classification or shelving scheme Damaged status Not for loan Home library Current library Shelving location Date acquired Total Checkouts Full call number Barcode Date last seen Copy number Price effective from Koha item type
    Dewey Decimal Classification     London London Journal article 24/08/2005   L130681 130681-1001 06/08/2019 1 06/08/2019 Journal article